000
00289 a2200133 4500
001
194999
040
_c
Magnum
100
_a
Lispector, Clarice
240
1
0
_a
Felicidade clandestina
_l
por
245
1
0
_a
Felicidade clandestina
300
_a
100
697
_a
LITERATURA GERAL
942
_c
BK
999
_c
194999
_d
194999